000 00553nam a2200193 4500
001 127909
003 ES-MaACL
005 20230906193122.0
007 t|
008 070214s1912 sp r ||||1| spa d
100 1 _aRío Joan, Francisco del.
_997329
245 1 0 _aElectrometría /
_cFrancisco del Río Joan.
260 _aMadrid :
_bAdrián Romo,
_c1912.
300 _aXXVII, 949 p. :
_bil. ;
_c22 cm.
490 1 _aBiblioteca tecnológica
830 0 _aBiblioteca tecnológica
_9186711
852 _aES-MaACL
_jF-6584
999 _c127909
_d127909